000 00329nam a2200145 i 4500
001 bg
100 1 _aBURBIDGE, John
245 0 _aZasady organizacji produkcji /
_cJohn Burbidge.
260 _aWarszawa,
_c1966.
040 _cBPK
041 _apol
080 _a658
942 _cKS
008 s pl f |000 0 pol
999 _c15894
_d15894
856 _uhttp://koha.tu.koszalin.pl/cgi-bin/koha/opac-detail.pl?biblionumber=15894
_yKatalog online BPK